Fr. Conceicao Rodrigues College of Engineering

Learning Flex 4 (Record no. 22396)

MARC details
000 -LEADER
fixed length control field 00338nam a2200169Ia 4500
082 ## - DEWEY DECIMAL CLASSIFICATION NUMBER
Classification number 4.65
Item number COL
100 ## - MAIN ENTRY--PERSONAL NAME
Personal name Cole/Alaric/ Robinson/E
245 ## - TITLE STATEMENT
Title Learning Flex 4
260 ## - PUBLICATION, DISTRIBUTION, ETC.
Name of publisher, distributor, etc. Oreilly
Date of publication, distribution, etc. 2011
366 ## - TRADE AVAILABILITY INFORMATION
Publishers's discount category 25
300 ## - PHYSICAL DESCRIPTION
Extent 455
546 ## - LANGUAGE NOTE
Language note ENGLISH
-- PAMPHALETS
650 ## - SUBJECT ADDED ENTRY--TOPICAL TERM
Topical term or geographic name entry element Flex
654 ## - SUBJECT ADDED ENTRY--FACETED TOPICAL TERMS
Focus term flex
942 ## - ADDED ENTRY ELEMENTS (KOHA)
Koha item type BOOK
Holdings
Withdrawn status Lost status Damaged status Not for loan Collection Home library Current library Date acquired Source of acquisition Cost, normal purchase price Inventory number Total Checkouts Full call number Barcode Date last seen Cost, replacement price Price effective from Koha item type
        CRC Fr. Agnel's C.Rodrigues College of Engineering Fr. Agnel's C.Rodrigues College of Engineering 17/03/2023 Allied Publishers 506.25 3329 dt 13/01/2011   4.65 COL 21244 17/03/2023 675.00   BOOK